<?xml version="1.0" encoding="UTF-8"?>
<record
    xmlns:xsi="http://www.w3.org/2001/XMLSchema-instance"
    xsi:schemaLocation="http://www.loc.gov/MARC21/slim http://www.loc.gov/standards/marcxml/schema/MARC21slim.xsd"
    xmlns="http://www.loc.gov/MARC21/slim">

  <leader>00641nam a2200205Ia 4500</leader>
  <controlfield tag="001">66808</controlfield>
  <controlfield tag="003">OSt</controlfield>
  <controlfield tag="005">20160504105006.0</controlfield>
  <controlfield tag="008">150514s9999    xx            000 0 und d</controlfield>
  <datafield tag="020" ind1=" " ind2=" ">
    <subfield code="a">NA</subfield>
  </datafield>
  <datafield tag="040" ind1=" " ind2=" ">
    <subfield code="c">PK-LaUMT</subfield>
  </datafield>
  <datafield tag="082" ind1=" " ind2=" ">
    <subfield code="a"> 158.1</subfield>
    <subfield code="b">BYR-K</subfield>
  </datafield>
  <datafield tag="100" ind1=" " ind2=" ">
    <subfield code="a">Byron, Rahonda</subfield>
  </datafield>
  <datafield tag="245" ind1=" " ind2=" ">
    <subfield code="a">(&#x6A9;&#x627;&#x645;&#x6CC;&#x627;&#x628;&#x6CC; &#x6A9;&#x627; &#x639;&#x638;&#x6CC;&#x645; &#x631;&#x627;&#x632;)Kamyabi ka azeem raz (Urdu)</subfield>
    <subfield code="c">(&#x628;&#x6CC;&#x631;&#x648;&#x646;&#x60C; &#x631;&#x627;&#x6C1;&#x646;&#x688;&#x627;)(&#x627;&#x62E;&#x62A;&#x631;&#x60C; &#x645;&#x62D;&#x645;&#x62F;)Byron, Rahonda|akhtar , Muhammad</subfield>
  </datafield>
  <datafield tag="260" ind1=" " ind2=" ">
    <subfield code="a">(&#x644;&#x627;&#x6C1;&#x648;&#x631;&#x60C;&#x67E;&#x627;&#x6A9;&#x633;&#x62A;&#x627;&#x646;)Lahore,Pakistan:</subfield>
    <subfield code="b">(&#x62F;&#x627;&#x631;&#x627;&#x644;&#x634;&#x639;&#x648;&#x631;)Dar ul Shaor,</subfield>
    <subfield code="c">2013</subfield>
  </datafield>
  <datafield tag="300" ind1=" " ind2=" ">
    <subfield code="a">256 p.</subfield>
  </datafield>
  <datafield tag="546" ind1=" " ind2=" ">
    <subfield code="a">UR</subfield>
  </datafield>
  <datafield tag="700" ind1=" " ind2=" ">
    <subfield code="a">akhtar , Muhammad</subfield>
  </datafield>
  <datafield tag="942" ind1=" " ind2=" ">
    <subfield code="c">BK</subfield>
    <subfield code="2">ddc</subfield>
  </datafield>
  <datafield tag="999" ind1=" " ind2=" ">
    <subfield code="c">71636</subfield>
    <subfield code="d">71636</subfield>
  </datafield>
  <datafield tag="952" ind1=" " ind2=" ">
    <subfield code="0">0</subfield>
    <subfield code="1">0</subfield>
    <subfield code="4">0</subfield>
    <subfield code="7">0</subfield>
    <subfield code="a">01</subfield>
    <subfield code="b">01</subfield>
    <subfield code="d">2015-05-14</subfield>
    <subfield code="l">5</subfield>
    <subfield code="o"> 158.1 BYR-K</subfield>
    <subfield code="p">90940</subfield>
    <subfield code="r">2019-11-16 00:00:00</subfield>
    <subfield code="s">2017-02-14</subfield>
    <subfield code="w">2015-05-14</subfield>
    <subfield code="y">BK</subfield>
  </datafield>
</record>
